[Event "Bad Homburg"]
[Site "Bad Homburg"]
[Date "1997.??.??"]
[Round "7"]
[White "Sutovsky, Emil"]
[Black "Lutz, Christopher"]
[Result "1/2-1/2"]
[WhiteElo "2590"]
[BlackElo "2590"]
[Annotator "Liss,E"]
[PlyCount "74"]
[EventDate "1997.07.26"]
[EventType "tourn"]
[EventRounds "9"]
[EventCountry "GER"]
[EventCategory "14"]
[SourceTitle "CBM 060"]
[Source "ChessBase"]
[SourceDate "1997.09.29"]
[SourceVersion "1"]
[SourceVersionDate "1997.09.29"]
[SourceQuality "1"]

1. e4 c5 2. Nc3 Nc6 3. Nf3 g6 4. Bb5 Bg7 5. O-O e5 6. Bxc6 bxc6 7. d3 Ne7 8. a3
O-O (8... a5 9. Be3 d6 10. Nd2 O-O 11. f4 exf4 12. Bxf4 Be6 13. Kh1 h6 14. Qe2
Qd7 15. e5 $14 {Kaidanov-Alterman Yeravan Ol. 1996}) 9. Be3 (9. b4 cxb4 10.
axb4 d5 $15) 9... d6 10. b4 cxb4 11. axb4 Qc7 (11... a5 12. bxa5 (12. b5 cxb5
13. Nxb5 d5 14. Bc5 (14. exd5 Nxd5 15. Bc5 Re8 16. Nd6 Re6 17. Nxc8 Qxc8 $15)
14... d4 {With a complicated battle ahead}) 12... Rxa5 13. Rb1 c5 $11) 12. b5
Bd7 (12... c5 13. Nd2 Be6 14. Nc4 f5 15. Ra6 $36) 13. Rxa7 Rxa7 14. b6 Qb7 15.
bxa7 c5 16. Nd2 (16. Qa1 $2 Ra8 17. Rb1 Rxa7 $1) 16... Qxa7 17. Nc4 Qc7 18. Qd2
$146 (18. Qa1 Rb8 19. Qa3 Bc6 20. Nxd6 Ra8 21. Qxc5 Bf8 22. Nc4 Nf5 23. Qb6 {
1-0 Kraut,R-Ballmann,M/Zug 1989/CBM 16}) 18... Bc6 19. f4 f6 20. fxe5 fxe5 21.
Rxf8+ Bxf8 22. Bh6 Bg7 23. Qg5 $1 $36 {White limits black's possibilities and
maintains the pressure} Kh8 24. Ne2 Bb5 25. Bxg7+ $6 (25. Ne3 $5 {Would have
given white some chances:} Bxh6 $1 (25... Qa7 $2 26. Nf5 $1 $18 c4+ 27. d4 Bxh6
(27... Nxf5 28. Qd8+) 28. Qf6+ Kg8 29. Nxh6#) (25... c4 26. Bxg7+ Kxg7 27. dxc4
h6 28. Qh4 g5 (28... Bxc4 29. Nxc4 g5 30. Nxd6 $1 Qc5+ 31. Qf2 $18) 29. Qf2 $1
(29. Qe1 Bxc4 30. Qc3 Qc5) 29... Bxc4 30. Ng3 $40 {With mating attack}) 26.
Qxh6 Ng8 27. Qf8 Qe7 $11) 25... Kxg7 26. Ng3 Bxc4 (26... h6 $2 27. Nh5+ Kg8 (
27... Kh7 28. Qf6 gxh5 29. Nxd6 Ba4 30. Qf7+ Kh8 31. Nf5 $18) 28. Qf6 $1 gxh5
29. Nxd6 Qa5 $1 30. Qe6+ $1 Kh8 31. Qxh6+ Kg8 32. Qe6+ Kh8 33. Qxe5+ Kg8 34.
Qe6+ Kh8 35. Qf6+ Kg8 36. h3 $1 $18 {The most elegant and simple win}) 27. Nh5+
Kf7 28. Qf6+ Ke8 29. Ng7+ Kd7 30. dxc4 Qa5 $11 {Black's position looks
dangerous but it's completely safe} 31. h4 Qe1+ 32. Kh2 Nc8 33. Qe6+ (33. Qf7+
Kc6 34. Qe8+ Kb7 35. Qd7+ Kb8 36. Qb5+ Ka8 (36... Kc7 $4 37. Ne6#) 37. Qc6+ Kb8
$11) 33... Kc7 34. Kh3 Qh1+ 35. Kg3 Qe1+ 36. Kh3 Qh1+ 37. Kg3 Qe1+ 1/2-1/2

[Event "EU-chT (Men) 11th"]
[Site "Pula"]
[Date "1997.05.??"]
[Round "6.2"]
[White "Nedev, Trajce"]
[Black "Yilmaz, Turhan"]
[Result "0-1"]
[WhiteElo "2475"]
[BlackElo "2390"]
[Annotator "Liss,E"]
[PlyCount "102"]
[EventDate "1997.05.05"]
[EventType "team-swiss"]
[EventRounds "9"]
[EventCountry "CRO"]
[SourceTitle "CBM 057 Extra"]
[Source "ChessBase"]
[SourceDate "1997.05.01"]
[SourceVersion "1"]
[SourceVersionDate "1997.05.01"]
[SourceQuality "1"]
[WhiteTeam "Macedonia"]
[BlackTeam "Turkey"]
[WhiteTeamCountry "MKD"]
[BlackTeamCountry "TUR"]

1. e4 c5 2. Nf3 Nc6 3. Bb5 g6 4. Bxc6 dxc6 5. d3 Bg7 6. O-O Nf6 7. Nc3 O-O 8.
Be3 b6 9. Qc1 (9. h3 Re8 (9... e5 10. Qd2 Qd6 11. Bh6 Nh5 12. Rae1 f6 13. Ne2
Be6 14. Bxg7 Nxg7 15. b3 a5 16. a4 {was about equal in Nijboer-Piket, Nld-ch.
1995}) 10. Qd2 e5 11. Bg5 Qc7 12. Bh6 Bh8 13. Nh2 Nh5 14. Ne2 Bd7 15. b3 {
1/2-1/2 in Kuczynski-Andersson, Polanica Zdroj 1993}) 9... Ng4 10. Bf4 e5 11.
Bg3 f6 12. h3 Nh6 13. a3 Nf7 14. b4 Qe7 (14... c4 $2 15. dxc4 Ba6 16. b5 $16)
15. Na4 $6 (15. Qb2 $142 Be6 (15... f5 $6 16. exf5 gxf5 17. Rfe1 $36) 16. Nd2
$5 {with nice game for white} (16. bxc5 $5 Qxc5 17. Qb4 Qd6 $1 18. Qxd6 (18. d4
c5 $1 $15) 18... Nxd6 19. d4 Nc4 $15)) 15... c4 $1 $15 (15... cxb4 16. axb4
Qxb4 17. c3 Qb5 18. Qe3 c5 19. d4 cxd4 20. cxd4 $44) 16. dxc4 (16. d4 $2 exd4
17. Nxd4 Qxe4 $17) 16... Ba6 (16... Nd6 $5 17. Nd2 (17. c5 $6 Nxe4 18. cxb6
Nxg3 19. fxg3 e4 $1 20. Nd4 (20. Re1 axb6) (20. Nd2 axb6) 20... axb6 $1 21.
Nxb6 (21. Nxc6 Qc7 $19) 21... Qd8 22. Nxa8 Qxd4+ 23. Kh2 Qa7 24. Qf4 Qxa8 25.
Qxe4 f5 26. Qc4+ Kh8 27. Rad1 Ba6 $19) 17... Bh6 (17... Ba6 $5 18. c5 bxc5 19.
bxc5 Nb7 $15) 18. f4 f5 $5 (18... Ba6 $44) 19. Qe1 $8 exf4 (19... fxe4 $2 20.
fxe5 Rxf1+ 21. Nxf1 Nxc4 22. Qxe4 $16) 20. Bxf4 Bxf4 21. Rxf4 Qe5 22. Rf2 (22.
Qf1 Qd4+ 23. Rf2 $8 fxe4 24. c3 Rxf2 25. Qxf2 (25. cxd4 Rxf1+ 26. Rxf1 e3)
25... Qe5 $15) 22... Re8 $44) 17. Nb2 Nd6 18. Qe3 (18. Nd2 Bh6 19. f4 Qe6 20.
Qe1 Rae8 $5 $36) 18... f5 $1 19. exf5 Nxf5 (19... e4 20. Nd4 c5 $2 (20... Nxf5
21. Nxf5 gxf5 22. c3) 21. bxc5 bxc5 22. Nc6 Qd7 23. Rad1 $16) 20. Qe4 $8 Nd6
21. Qe2 $2 (21. Qe3 e4 22. Nd4 Nxc4 23. Nxc4 Bxc4 24. Rfe1 Qf6 25. Rad1 Rad8
$15) 21... e4 $17 22. c3 Bxc3 23. Rad1 Nf5 24. Nh2 e3 $1 $19 (24... Bxb2 25.
Qxb2 Bxc4 26. Rfe1 Nxg3 27. fxg3 h5 {is also not bad for black, but the game
is much clearer}) 25. Rd3 (25. Ng4 h5 $1 (25... Bxb2 26. Qxb2 e2 {also wins
for black}) 26. Nxe3 Nxg3 27. fxg3 Rxf1+ 28. Rxf1 Bxb2 $19) (25. Bf4 Bxb2 26.
Qxb2 e2 $19) (25. Rc1 exf2+ 26. Rxf2 (26. Qxf2 Bd4) 26... Qxe2 27. Rxe2 Bxb2
28. Rxb2 Nxg3 $19) 25... Bxb2 26. Qxb2 Bxc4 27. Rxe3 Nxe3 28. Re1 Rad8 29. fxe3
h5 30. Nf3 Qe4 31. Bf4 Rfe8 32. Qf6 (32. Bh6 Rd7) 32... Qe6 33. Qg5 Bd5 34. Nh4
Be4 35. Nf3 Bxf3 36. gxf3 Rd5 37. Qg3 Red8 38. e4 Rd1 39. Qf2 Rxe1+ 40. Qxe1
Qxh3 41. Kf2 g5 (41... Rf8 $19 {would have been simpler}) 42. Bxg5 Rd3 43. Qe2
Qh2+ 44. Kf1 Qxe2+ 45. Kxe2 Rxa3 46. f4 Rg3 47. Bd8 c5 48. bxc5 bxc5 49. f5 c4
50. Bc7 Rg4 51. e5 Rg5 0-1

[Event "RUS-chT 04th"]
[Site "Azov"]
[Date "1996.??.??"]
[Round "1"]
[White "Rublevsky, Sergei"]
[Black "Vokarev, Sergey"]
[Result "1-0"]
[WhiteElo "2645"]
[BlackElo "2310"]
[Annotator "Makarichev,S"]
[PlyCount "49"]
[EventDate "1996.??.??"]
[EventType "team-tourn"]
[EventRounds "7"]
[EventCountry "RUS"]
[SourceTitle "CBM 056 Extra"]
[Source "ChessBase"]
[SourceDate "1997.03.01"]
[SourceVersion "1"]
[SourceVersionDate "1997.03.01"]
[SourceQuality "1"]
[WhiteTeam "Kazan Sberbank-Tatarstan"]
[BlackTeam "Ekaterinburg Agat"]
[WhiteTeamCountry "RUS"]
[BlackTeamCountry "RUS"]

1. e4 c5 2. Nf3 Nc6 3. Bb5 g6 4. Bxc6 dxc6 5. d3 Bg7 6. h3 Nf6 7. Nc3 Nd7 8.
Be3 e5 9. Qd2 h6 (9... Qe7 $5 10. Bh6 Bxh6 11. Qxh6 f6 12. Nh2 Nf8 13. f4 exf4
14. Qxf4 Ne6 $14 {Bologan,V-Damljanovich,B/JUG-chT/1994/}) 10. O-O $1 (10.
O-O-O $6 Qa5 $132 {Kofidis,A-Tsermiadianos,A/GRE-ch/1994/}) 10... Qe7 11. Nh2
Nf8 (11... g5 $5 12. Ne2 Nf8 13. Ng3 (13. c3 $14) 13... Ng6 14. Nh5 $1 (14. Nf5
$6 Bxf5 15. exf5 Nf4 $132) 14... O-O 15. Qc3 $1 b6 16. Nxg7 $5 (16. f4 $4 gxf4
17. Bxf4 Nxf4 18. Rxf4 Qg5 $19) 16... Kxg7 17. f4 f6 (17... gxf4 18. Bxf4 $40)
18. f5 $40) 12. f4 {/\f4-f5} exf4 $8 13. Rxf4 Be6 14. Raf1 Nd7 15. R4f2 h5 $6 {
xg5} (15... O-O-O $5 16. Ng4 $5 {/\Nxh6} g5 $132 (16... Bxg4 $2 17. Rxf7 $16) (
16... h5 $2 17. Bg5 Qd6 18. Nf6 $16)) 16. Ne2 O-O 17. Bh6 $16 f6 18. Nf3 Qd6
19. Nh4 g5 (19... Kh7 20. Bxg7 Kxg7 21. Nf4 $18 Bf7 (21... g5 22. Nxh5+ Kh6 23.
Nxf6) 22. Nxh5+ gxh5 23. Nf5+ $18) 20. e5 $3 $18 Nxe5 (20... Qxe5 21. Ng6 Qxb2
22. Bxg7 Kxg7 23. Nxf8 Rxf8 24. Nc3 {/\Rf1-b1}) (20... fxe5 $4 21. Qxg5) 21.
Bxg7 Kxg7 22. Rxf6 $1 Rxf6 23. Qxg5+ Rg6 24. Nxg6 Nxg6 25. Rf6 1-0

[Event "EU-ch 12th"]
[Site "Aix les Bains"]
[Date "2011.03.30"]
[Round "8"]
[White "Motylev, Alexander"]
[Black "Jones, Gawain C B"]
[Result "1-0"]
[WhiteElo "2677"]
[BlackElo "2578"]
[Annotator "Marchand,A/Primel,D"]
[PlyCount "119"]
[EventDate "2011.03.22"]
[EventType "swiss"]
[EventRounds "11"]
[EventCountry "FRA"]
[SourceTitle "CBM 142 Extra"]
[Source "ChessBase"]
[SourceDate "2011.06.27"]
[SourceVersion "1"]
[SourceVersionDate "2011.06.27"]
[SourceQuality "1"]
[TimeControl "40/5400+30:1800+30"]

1. e4 c5 2. Nf3 Nc6 3. Bb5 g6 (3... d6) 4. Bxc6 dxc6 5. d3 Bg7 6. h3 Nf6 7. Nc3
O-O 8. Bf4 (8. Be3 b6 9. Qd2 e5 10. Bh6 Qd6 11. O-O-O a5 12. Ne2 a4 {Fedorchuk,
S (2557)-Hagara,E (2407) Pardubice KB Czech op 2003 (2) 1-0} (12... Be6 13. Kb1
a4 14. g4 b5 15. Bxg7 Kxg7 16. Ng3 b4 17. Nf5+ $1 {[%csl Rg7][%cal Gd2g5,Gd2h6]
} Bxf5 (17... gxf5 $2 18. Qg5+) 18. gxf5)) 8... Nd7 9. Qd2 e5 10. Bh6 {89} Qe7
{80} 11. Bxg7 Kxg7 12. O-O-O a5 13. Kb1 $146 (13. Nh2 b5 14. f4 {Nevednichy,V 
(2535)-Bogdan,D (2295) Bucharest ENE 1993 (3) 1-0}) (13. h4 $5 {Dans la partie,
la Rh1 était relativement peu active et l'attaque h4h5 semblait plus
prometteuse} h5 14. Ng5 b5 15. g4 hxg4 16. h5 $44 {[%csl Rg7,Gh1]}) 13... a4
$132 14. Ne2 b5 (14... a3 $143 15. b3 c4 16. dxc4 Nc5 17. Nc3 f6 18. Qd6) 15.
Rdg1 {50} c4 {59} 16. h4 f6 (16... a3 $1 {Logique après avoir joué c4} 17. b3
cxb3 18. cxb3 c5 19. h5 c4 {[%csl Rb1]} 20. hxg6 fxg6 21. Qh6+ Kg8 $17) (16...
b4 17. dxc4 (17. h5) 17... b3 $1 {Dnas ce genre d'attaque sur les ailes
opposées, il faut jouer de manière dynamique et le matériel est un facteur
secondaire.} 18. cxb3 (18. h5) 18... Nc5 {[%cal Gc5e4,Gc5b3]} 19. Nc3 axb3 $40)
17. Ng3 Nb6 18. d4 {Réaction au centre а l'attaque des Noirs а l'aile-dame} h5
19. a3 c5 20. dxe5 {16 les Blancs sont en gros retard} (20. d5 $6 b4 $40) 20...
fxe5 {31} 21. Qe3 Ra6 $6 {Trop lent} (21... b4 $142 {Par curiosité, j'ai
laissé plancher houdini 3 sur la position au coup précédent pendant une
dizaine de minutes et il ne donne que Ra6 ou même le débile Rb8! b4 est
pourtant le coup le plus naturel pour un humain même si le double sacrifice
est rsqué} 22. axb4 a3 $44 23. bxa3 cxb4 $3 {La pointe} 24. Qxb6 Rxa3 $19 {
[%csl Rf3,Rg1,Rg3,Rh1][%cal Gb4b3] Les pièces Blanches massées а l'aile-roi
manquent d'activité et elles sont mal placées pour défendre le K Blanc}) 22.
Qg5 Qxg5 23. hxg5 c3 $6 {[%cal Gb6c4,Gc4b2,Gc4e5]} (23... b4 $142 24. Nxe5 bxa3
(24... Rxf2) 25. Rxh5 $5 gxh5 26. Nxh5+ Kg8 27. Nf6+ $44) 24. Nxe5 Nc4 $6 (
24... Rxf2 25. Rf1 {[%cal Gf1f7]} Rxf1+ 26. Rxf1 {[%csl Ra6] Illustrant а
nouveau le problème d'avoir joué Ra6}) (24... b4 $1 25. Rxh5 $5 (25. bxc3 b3
$44) 25... gxh5 26. Nxh5+ Kg8 27. Nf6+ $44) 25. Nxc4 {12} bxc4 {23} 26. f3 Rb6
27. Ne2 $1 {[%cal Ge2c3] Forçant la prise du P et le P servira de ... bouclier
au K!} cxb2 (27... Rxb2+ $6 28. Kc1 Be6 29. Nxc3 Rfb8 30. Rd1) 28. Rd1 Be6 29.
Nc3 Rfb8 {Les Noirs n'ont aucune attaque sur la colonne "b"} 30. Rd2 $1 {
[%cal Gh1d1] 07} Kf7 {17} 31. Rhd1 Ke7 32. Nd5+ $1 {Rentre dans une finale de
R légèrement favorable pour les Blancs car le K est assez exposé.} Bxd5 33.
Rxd5 Rc6 34. Rd7+ Kf8 35. R7d5 Kf7 36. Rd7+ $1 {[%csl Rf7]} Kf8 37. Re1 {
[%csl Ge4][%cal Ge4e8]} Ke8 38. Rd5 Ke7 39. f4 Rd6 40. Red1 Re6 41. Rd7+ Kf8
42. e5 $18 {[%csl Rb8,Gd7,Ge5,Re6,Rf8]} Rc6 43. g4 $1 {[%csl Rf8][%cal Gd1h1,
Gh1h8]} (43. Rh7 {[%cal Gd1d7] Plus pragmatique mais moins élégant}) 43... hxg4
44. Rh1 $40 Kg8 45. Rdh7 (45. Rhh7 $2 g3) 45... Rf8 46. Kxb2 g3 47. Kc3 g2 48.
Rh8+ Kf7 49. Rxf8+ Kxf8 50. Rg1 Rb6 51. Rxg2 {Comme des Dominos, les P Noirs
vont tomber les uns après les autres.} Rb1 52. Kxc4 Ra1 53. Rg3 Rf1 {Il
manquait la fin de la partie dans la base} 54. Kxc5 Rxf4 55. Kd5 Ke7 56. Rh3
Rg4 57. Rh7+ Kf8 58. c4 Rg3 59. c5 Rd3+ 60. Kc4 1-0

[Event "Bundesliga 0102"]
[Site "Germany"]
[Date "2002.04.14"]
[Round "13.3"]
[White "Kveinys, Aloyzas"]
[Black "McShane, Luke J"]
[Result "0-1"]
[WhiteElo "2555"]
[BlackElo "2511"]
[Annotator "McShane,L"]
[PlyCount "138"]
[EventDate "2001.10.06"]
[EventType "team-tourn"]
[EventRounds "15"]
[EventCountry "GER"]
[SourceTitle "CBM 088"]
[Source "ChessBase"]
[SourceDate "2002.03.21"]
[SourceVersion "1"]
[SourceVersionDate "2002.03.21"]
[SourceQuality "1"]
[WhiteTeam "Godesberg"]
[BlackTeam "Werder Bremen"]
[WhiteTeamCountry "GER"]
[BlackTeamCountry "GER"]

1. e4 c5 2. Nf3 Nc6 3. Bb5 g6 4. O-O Bg7 5. c3 Nf6 6. Re1 O-O 7. h3 e5 8. d3 d6
9. Na3 (9. Nbd2) 9... Bd7 10. Bd2 a6 11. Ba4 b5 12. Bb3 h6 13. Qc1 Kh7 {
Black is very comfortable from this opening.} 14. Nc2 Na5 15. Ne3 Nxb3 16. axb3
Bc6 17. c4 b4 {[%csl Rb3]} 18. Nh2 Ng8 19. Nd5 f5 20. Qd1 (20. exf5 gxf5 21. f4
Ne7 $17) 20... f4 21. Qe2 g5 22. Ra2 Ne7 $5 ({Alternatively} 22... Kg6 {
[%cal Yh6h5,Yg8h6,Yh6f7,Yf7d8,Yd8e6,Ye6d4] looked a little bit too slow, White
may play g2-g4 at some awkward moment.}) 23. Rea1 Bb7 24. Nxe7 (24. Be1 $2 Nc6
$1 $17 {[%csl Rb3,Gc6][%cal Yb7c8,Ya8a7,Ya7f7,Yc6d4]}) 24... Qxe7 25. g4 {[#]}
Bf6 26. Qf3 Kg6 27. Kf1 Rh8 {[%cal Ya6a4,Yh6h5] It is not clear if this
position is really winning for Black, but its very pleasant. The winning plan
is to make use of both pawn breaks h6-h5 and a5-a4 to divert White's pieces.
Meanwhile White can only wait.} 28. Qg2 Qe6 29. Ke2 Bc8 30. Rh1 Ra7 31. Raa1
Rah7 32. Rag1 Kf7 33. Qf1 (33. h4 gxh4 34. Nf3 Rg7 {[%csl Rg4]}) 33... Bd8 34.
Qg2 Ke8 35. f3 (35. Nf3 {with the idea} h5 36. Nh2 {[%cal Yh2g4]} Qg6 37. f3
Rh6 $1 {[%csl Rh3][%cal Yg6h7]}) 35... Kd7 (35... Qg6 $5 {[%csl Rh3][%cal
Yh6h5,Yh7h6,Yg6h7]}) (35... h5 $6 36. gxh5 Rxh5 37. Ng4 $1 {[%cal Yh1h2,Yg1h1]}
) 36. Nf1 Kc6 37. Be1 Qg6 38. Kd2 (38. h4 h5 $1 39. gxh5 Rxh5 40. hxg5 Bh3 $5)
38... a5 39. Kc2 Kb6 40. Bf2 Qe8 41. Nd2 h5 $1 {Important moment for this, now
White cannot play the knight round to g4. [#]} 42. Rh2 (42. Nf1 Rh6 43. Nh2
R8h7 44. gxh5 Rxh5 45. Ng4 Qh8 $1 $17 {[%csl Rh3]}) 42... Rh6 43. Rgh1 R8h7 44.
Bg1 {Now White's pieces are slightly awkwardly arranged.} Be6 {No hurry, I
just made a few moves here.} 45. Qe2 Bf6 46. Qd1 Bd7 47. Qe1 Bc6 48. Nf1 ({
I think} 48. Kd1 {[%cal Yd1g2] with the plan to play the king to g2, was
better.This reduces the danger when a5-a4 occurs, but it is nevertheless a
difficult position for White.}) 48... Qh8 49. Kb1 $6 {The king is vulnerable
on the queenside, as the game showed.} Kc7 (49... a4 $4 50. Qxb4+) 50. Qd1 Kb8
51. Qc2 Ra7 52. Bf2 Rah7 53. Be1 Bd8 {It is not easy to decide the best
placing of the pieces for a5-a4. The bishop wants to come to a5 sometimes, but
the queen would also like to come to a8 directly sometimes.} 54. Kc1 Kc8 55.
Kb1 (55. Kd1 $5 {[%cal Yd1g2]}) 55... Ra7 56. Qd1 (56. h4 hxg4 57. hxg5 Rxh2
58. Rxh2 Rh7 {should be winning.}) 56... Rhh7 $1 {Preparing to swing the other
rook over.} 57. Bd2 Ra6 58. Bc1 a4 $1 {Finally! [#]} 59. bxa4 b3 $1 $19 {
I suppose my opponent missed this.} (59... Bxa4 60. b3 Bc6 61. Bb2 {[%csl Gb1]
looks like a draw.}) 60. Bd2 (60. Nd2 Bxa4 61. Nxb3 $2 Rb6 {[%csl Ga4,Rd1]
[%cal Ya4d1]}) 60... Rxa4 61. Qxb3 (61. Bc3 Rha7 62. Qxb3 Ra1+ 63. Kc2 Ba4 $19)
61... Rha7 62. Kc2 Ra1 63. Qc3 Ba5 64. Qxa5 R7xa5 65. Bxa5 Rxa5 66. h4 $5 {
I forgot that this might be a little bit dangerous, it took some thought to
finish off cleanly.} Ra1 67. hxg5 Qd8 68. Rxh5 (68. g6 Ba4+ 69. b3 Bxb3+ $1 70.
Kb2 Qa5 $19) 68... Ba4+ 69. b3 Qa5 $1 (69... Bxb3+ $4 70. Kb2 $1) (69... Qa5
70. Rh8+ (70. Nd2 Ra2+) 70... Kc7 71. R1h7+ Bd7 $19) 0-1

[Event "Pamplona"]
[Site "Pamplona"]
[Date "2003.12.23"]
[Round "4"]
[White "Illescas Cordoba, Miguel"]
[Black "McShane, Luke J"]
[Result "1/2-1/2"]
[WhiteElo "2602"]
[BlackElo "2649"]
[Annotator "McShane,L"]
[PlyCount "33"]
[EventDate "2003.12.20"]
[EventType "tourn"]
[EventRounds "7"]
[EventCountry "ESP"]
[EventCategory "15"]
[SourceTitle "CBM 099"]
[Source "ChessBase"]
[SourceDate "2004.03.30"]
[SourceVersion "1"]
[SourceVersionDate "2004.03.30"]
[SourceQuality "1"]

1. e4 c5 2. Nf3 Nc6 3. Bb5 g6 4. O-O Bg7 5. Re1 e5 6. Bxc6 dxc6 7. d3 Qe7 8.
Nbd2 Nf6 9. Nc4 Nd7 10. a4 (10. Bd2 b6 11. a4 O-O 12. Qc1 Re8 13. Rb1 Nf8 14.
Bc3 f6 15. b4 Be6 16. Ne3 Bf7 17. bxc5 bxc5 18. Bb2 Ne6 19. Ba3 Rab8 20. Qd2 h5
21. h3 Bf8 22. Qa5 Qd8 23. Qxa7 {1/2-1/2 Adams,M-Leko,P/Bled 2002/EXT 2003 (23)
}) 10... a5 (10... Nb6 11. Na5 O-O 12. b3 Nd7 13. Nc4 Rd8 14. Ba3 Nf8 15. Qd2
Bg4 16. Qe3 b6 {1/2-1/2 Anand,V-Kramnik,V/Dortmund 1996/CBM 54 (16)}) 11. b3 (
11. Bg5 $5 Qe6 (11... f6 12. Bd2 b6 13. c3 {[%csl Gb3,Rb6][%cal Yd1b3,Yb3g8,
Yd3d4]}) 12. Bd2 b6 13. Ng5 {[%cal Yf2f4]} Qf6 $5 14. Rf1) 11... O-O 12. Bb2 b6
13. Nfd2 (13. c3 $143 {[%cal Yd3d4]} Rd8) 13... Rb8 14. Qf3 $6 {[%cal Yf3e3]} (
14. Rf1 $5) (14. Qe2 $5) 14... Bh6 15. Qe2 (15. Qh3 Kg7 {[%csl Rh3][%cal Yd7f6,
Yb6b5]}) 15... f6 16. Rf1 Rf7 17. g3 (17. g3 Nf8 18. f4 exf4 (18... Bh3 $2 19.
Rf2 exf4 20. gxf4 {[%csl Rh3][%cal Ye2e3]} Ne6 21. Qe3 Bg4 22. Qg3 $16 {
[%csl Rb8][%cal Yf4f5]}) 19. gxf4 Ne6 20. Qe3 Qc7 21. e5 f5 22. h4 $5 (22. Nd6
{looks pretty but doesn't achieve much.}) 22... Qd8 (22... Ng7 $140 23. Nf3 {
[%csl Gg5][%cal Yf3g5]} (23. e6 {Fritz})) 23. Qg3 Nd4 $132) 1/2-1/2

[Event "Reykjavik Hrokurinn"]
[Site "Reykjavik"]
[Date "2003.02.20"]
[Round "3"]
[White "McShane, Luke J"]
[Black "Shirov, Alexei"]
[Result "1/2-1/2"]
[WhiteElo "2568"]
[BlackElo "2723"]
[Annotator "McShane,L"]
[PlyCount "87"]
[EventDate "2003.02.18"]
[EventType "tourn"]
[EventRounds "9"]
[EventCountry "ISL"]
[EventCategory "15"]
[SourceTitle "CBM 094"]
[Source "ChessBase"]
[SourceDate "2003.05.26"]
[SourceVersion "1"]
[SourceVersionDate "2003.05.26"]
[SourceQuality "1"]

1. e4 c5 2. Nf3 Nc6 3. Bb5 g6 4. O-O Bg7 5. c3 Nf6 6. Re1 O-O 7. d4 d5 8. e5
Ne4 9. Bxc6 bxc6 10. Nbd2 Bf5 11. Nh4 e6 12. Nxf5 exf5 13. Nf1 Rb8 14. f3 {
After much thought.} (14. Be3 cxd4 15. cxd4 Rxb2 16. Qc1 {[%csl Re4][%cal
Yf2f3,Ye3g5,Yc1g5] seems to fall short after} (16. f3 Nc3 17. Qd3 (17. Qc1 $2
Ne2+ $1) 17... Na4) 16... Rb4 $1 17. f3 Rc4 18. Qb2 Ng5) (14. Re2 $5) 14... Ng5
{Played within 30 seconds.} (14... cxd4 15. fxe4 dxc3 16. bxc3 fxe4 (16... Bxe5
{also occupied me for some time, but I think this should be good for me if I
play} 17. Bh6 $1 Qb6+ 18. Kh1 Rfe8 19. exd5 Bxc3 20. Rxe8+ Rxe8 21. Rb1) 17.
Bf4 {and I suspect this should be a bit better for White - while he regains
the e-pawn I can get some sort of initiative with Qd4 and Ne3 and maybe c3-c4.}
) 15. dxc5 {Now I can probably hold on to the pawn and claim some advantage}
Ne6 16. b4 Qc7 (16... f4 {[%csl Re5]} 17. a3 $5 {[%cal Ya1a2,Ya2e2]} (17. Bd2 {
is roughly equivalent}) 17... Qc7 {[%csl Re5]} 18. Qe2 {and he would like to
further attack my e-pawn by playing a R to the e-file and moving the N, but
unfortunately that would leave his f-pawn hanging, so this is better for me.})
17. f4 d4 18. Qf3 (18. Qb3 $4 Nxc5) 18... a5 19. a3 dxc3 20. Qxc3 axb4 21. axb4
Qb7 (21... f6 22. Qc4 Qf7 23. Bb2 fxe5 24. Bxe5 Bxe5 25. fxe5) 22. Rb1 (22. Bd2
{is the other option.}) 22... Rfd8 23. Be3 Nc7 24. Bd2 Nb5 (24... Nd5 {when
somewhere should be good for my Q, and I can aim to exchange Ns with Ne3.}) 25.
Qb3 Rd5 (25... Nd4 26. Qc4 {and I am gradually gaining control.} (26. Qb2 $5))
26. Be3 Rbd8 27. Red1 h5 {Now that I was confident nothing disastrous was
happening to me on the d-line, I gradually tried to improve my position,
though of course Alexei still has almost enough compensation.} (27... Nd4 28.
Bxd4 Rxd4 29. Ne3 $1 $16 {[%csl Gd1,Rd8][%cal Yd1d8]} (29. g3 Qd7 $44)) (27...
Nc3 28. Rxd5 Nxd5 29. Bd2 {is also no problem to deal with.}) 28. g3 h4 $5 29.
gxh4 Bh6 30. h5 $5 Kh7 31. Rxd5 Rxd5 32. hxg6+ fxg6 33. Rb2 (33. Rd1 Rxd1 34.
Qxd1 Nc3 35. Qb3 Nd5 $132 {[%csl Rb4,Rf4]}) 33... Nd4 34. Qc4 Qd7 35. Kf2 $2
Qd8 $1 $132 {[%csl Rf2][%cal Yd8h4]} 36. Bxd4 (36. Kg3 g5 $5 $13 (36... Ne6 37.
Rd2 g5 $13 {Shirov})) 36... Rxd4 (36... Qh4+ $5) 37. Qf7+ Bg7 38. Rb3 $132 {
[%csl Rg6,Rh7][%cal Yb3g3,Yg3h3]} Rxf4+ 39. Kg2 Rg4+ (39... Qh4 40. Rg3 $1 $11
(40. Rh3 $2 Rf2+ 41. Kg1 Rxf1+ $19)) (39... Rh4 40. Rg3 $140 Rh6) 40. Rg3 Qd4
41. Rxg4 Qxg4+ (41... fxg4 42. e6 (42. Kg3 $5 Qg1+ 43. Kh4) 42... Qe4+ 43. Kg3
Kh6 44. e7 Be5+ 45. Kf2 Bd4+ 46. Kg3 $11) 42. Ng3 $1 $11 Qxb4 (42... f4 43. e6
fxg3 44. e7 $5 (44. hxg3) 44... gxh2+ 45. Kxh2 {and a draw is very likely.})
43. e6 Qd2+ 44. Kh3 1/2-1/2